Zadlženosť rozvojových krajín bakalárska práca

Saved in:
Bibliographic Details
Main Author: Baláž, Ján
Corporate Author: Fakulta medzinárodných vzťahov EU. Katedra medzinárodných ekonomických vzťahov a hospodárskej diplomacie
Other Authors: Jančíková, Eva, 1960-
Format: Book
Language:Slovak
Published: Bratislava 2011
Tags: Add Tag
No Tags, Be the first to tag this record!

MARC

LEADER 00000nbm a2200000 4500
001 0131193
005 20170315090419.5
041 0 |a slo 
044 |a SK 
245 1 0 |a Zadlženosť rozvojových krajín  |b bakalárska práca  |c Ján Baláž ; školiteľ: Eva Jančíková 
264 1 |a Bratislava  |c 2011 
300 |a 47 s. 
100 1 |a Baláž, Ján 
700 1 |a Jančíková, Eva, 1960- 
710 2 |a Fakulta medzinárodných vzťahov EU. Katedra medzinárodných ekonomických vzťahov a hospodárskej diplomacie